000 00967nmm a2200289 a 4500
001 ocm0002015865
003 TR-IsHL
005 20201028181052.0
008 181225s2016 tu tur
007 cr cn
020 _a9786059241793
035 _a2015865
_b(N$T)
050 0 4 _aB177
_b.S69 2016
090 0 4 _aB177
_b.S69 2016
100 1 _aSoykan, Ömer Naci
245 1 0 _aFelsefe­ ve dil: Wittgenstein­ üstüne­ bir­ araştırma
_h[electronic resource] /
_cÖmer Naci Soykan ; editör Derya Önder
250 _a1. Basım
260 _aİstanbul :
_bBilge Kültür Sanat,
_c2016
300 _a286 p.
650 4 _aFelsefe, Psikoloji ve Din
650 4 _aPhilosophy, Psychology and Religion
650 0 _aFelsefe ve dil
650 0 _aPhilosophy and language
650 7 _aPHILOSOPHY / Language
_2bisacsh
700 1 _aÖnder, Derya
856 4 0 _uhttp://search.ebscohost.com/login.aspx?direct=true&scope=site&db=e011xww&AN=2015865
999 _c19433
_d19433